| 000 | 00783nam a2200229 a 4500 | ||
|---|---|---|---|
| 005 | 20231128063656.0 | ||
| 008 | 160603s2014 mx r 000 0 spa d | ||
| 020 | _a9786079453190 | ||
| 035 | _aUPN01000211106 | ||
| 049 | _aCG | ||
| 050 | 4 |
_aF1391 O9.5 _bO9.8 |
|
| 245 | 0 | 0 |
_aOzumba : _barte e historia / _ccoord. Moroni Spencer Hernádez de Olarte. |
| 260 |
_aMéxico : _bFOEM, _c2014. |
||
| 300 |
_a330, [3] p. : _bil. col. |
||
| 440 | 0 |
_aMayor. _pPatrimonio natural y cultural |
|
| 651 | 2 |
_aOzumba, Estado de México _xHistoria _925257 |
|
| 650 | 4 |
_aIndígenas de México _xCondiciones sociales _98537 |
|
| 651 | 2 |
_aOzumba, Estado de México _xCondiciones económicas _925258 |
|
| 700 | 1 |
_aHernández de Olarte, Moroni Spencer, _ecoord. |
|
| 905 | _aLibro | ||
| 999 |
_c183207 _d183207 |
||